LEADER 01466nam 2200445 450 001 9910397874403321 005 20201104122341.0 010 $a84-948990-4-X 035 $a(CKB)4100000009605834 035 $a(MiAaPQ)EBC6770940 035 $a(EXLCZ)994100000009605834 100 $a20201104d2018 uy 0 101 0 $aspa 135 $aurcnu|||||||| 181 $ctxt$2rdacontent/spa 182 $cc$2rdamedia/spa 183 $acr$2rdacarrier/spa 200 14$aLos tratados de libre comercio de Estados Unidos y de la Unio?n Europea /$fAna Manero Salvador 210 1$aBarcelona :$cJMB Bosch Editor,$d2018. 215 $a1 recurso en li?nea (367 pa?ginas) 311 $a84-948990-3-1 320 $aBibliografi?a: pa?ginas 327-367. 606 $aComercio exterior 606 $aLibre cambio$zEstados Unidos 606 $aLibre cambio$zPai?ses de la Unio?n Europea 606 $aFree trade$zEuropean Union countries 607 $aEuropean Union countries$xCommercial treaties 607 $aUnited States$xCommercial treaties 608 $aLibros electronicos. 615 4$aComercio exterior. 615 4$aLibre cambio 615 4$aLibre cambio 615 0$aFree trade 676 $a341.754 700 $aManero Salvador$b Ana$0956015 801 0$bFINmELB 906 $aBOOK 912 $a9910397874403321 996 $aLos tratados de libre comercio de Estados Unidos y de la Unio?n Europea$92164083 997 $aUNINA LEADER 02322nas 2200697- 450 001 996398341703316 005 20231221160835.0 011 $a1750-6190 035 $a(DE-599)ZDB2276899-3 035 $a(OCoLC)191061042 035 $a(CKB)1000000000278774 035 $a(CONSER)--2016207389 035 $a(EXLCZ)991000000000278774 100 $a20080123b20072022 s-- a 101 0 $aeng 135 $aur||||||||||| 181 $ctxt$2rdacontent 182 $cc$2rdamedia 183 $acr$2rdacarrier 200 10$aInternational journal of culture, tourism and hospitality research 210 1$aBradford :$cEmerald Group Publishing,$d2007-2022. 300 $aRefereed/Peer-reviewed 311 $a1750-6182 517 1 $aCulture, tourism and hospitality research 517 1 $aIJCTHR 531 $aINTERNATIONAL JOURNAL OF CULTURE, TOURISM & HOSPITALITY RESEARCH 606 $aCulture and tourism$vPeriodicals 606 $aTourism$vPeriodicals 606 $aTourism$xSocial aspects$vPeriodicals 606 $aHospitality industry$vPeriodicals 606 $aEthnotourisme$vPériodiques 606 $aAccueil (Tourisme)$vPériodiques 606 $aPublications périodiques$2eclas 606 $aService à la clientèle$2eclas 606 $aIndustrie hôtelière$2eclas 606 $aCulture and tourism$2fast$3(OCoLC)fst00885097 606 $aHospitality industry$2fast$3(OCoLC)fst00961126 606 $aTourism$2fast$3(OCoLC)fst01153142 606 $aTourism$xSocial aspects$2fast$3(OCoLC)fst01153202 608 $aPeriodicals.$2lcgft 608 $aPeriodicals.$2fast 615 0$aCulture and tourism 615 0$aTourism 615 0$aTourism$xSocial aspects 615 0$aHospitality industry 615 6$aEthnotourisme 615 6$aAccueil (Tourisme) 615 7$aPublications périodiques. 615 7$aService à la clientèle. 615 7$aIndustrie hôtelière. 615 7$aCulture and tourism. 615 7$aHospitality industry. 615 7$aTourism. 615 7$aTourism$xSocial aspects. 676 $a338.479105 686 $a76.60$2bcl 712 02$aEmerald (Firm), 906 $aJOURNAL 912 $a996398341703316 996 $aInternational journal of culture, tourism and hospitality research$91756333 997 $aUNISA